[Event "Santo Domingo Regional-ch"]
[White "Cuduco Sanchez, Deivi Miguel A"]
[Black "Matos Aracena, Juan Odalis A"]
[Site "Santo Domingo"]
[Round "2"]
[Result "0-1"]
[Date "2016.03.12"]
[WhiteElo "1826"]
[BlackElo "1656"]
[PlyCount "54"]
[EventDate "2016.03.11"]
[EventType "swiss"]
[EventRounds "7"]
[EventCountry "DOM"]
[SourceTitle "EXT 2017"]
[Source "ChessBase"]
[SourceDate "2016.10.25"]
[SourceVersion "1"]
[SourceVersionDate "2016.10.25"]
[SourceQuality "1"]

1. e4 e5 2. Nf3 d6 3. Bc4 Nf6 4. Nc3 Bg4 5. h3 Bxf3 6. Qxf3 Nc6 7. Bb5 a6 8. Bxc6+ bxc6 9. d3 Be7 10. Bg5 Nd7 11. Bxe7 Qxe7 12. 0-0 0-0 13. Rad1 Rab8 14. b3 Qg5 15. Na4 f5 16. exf5 Rxf5 17. Qxc6 Nf6 18. Qxc7 Rf8 19. Qxd6 Nh5 20. Qxa6 Nf4 21. g3 Nxh3+ 22. Kg2 Nxf2 23. Qc4+ Kh8 24. Rde1 Qd2 25. Qc3 Qh6 26. Rh1 Nxh1 27. Rxh1 Rf2+ 0-1